| 000 | 00561nam a22001817a 4500 | ||
|---|---|---|---|
| 005 | 20231116091012.0 | ||
| 008 | 231116b |||||||| |||| 00| 0 eng d | ||
| 020 | _a0702149144 | ||
| 041 | _aEnglish | ||
| 082 | _a344.2 NGA | ||
| 100 |
_aNgalwana, V _lEnglish |
||
| 245 |
_aPension Dispute Resolution Procedure : _ban easy guide / _cV Ngalwana |
||
| 250 | _aFirst Edition | ||
| 260 |
_aCape Town : _bJuta and Company Ltd, _c1999 |
||
| 300 |
_bxv, 52 pages ; _c22,5 cm. |
||
| 650 |
_aLegal practice _bLaw |
||
| 942 |
_cBK _6ALISON_BN_VRIES |
||
| 999 |
_c716 _d716 |
||